Normal view
MARC view
Entry Topical Term
001 - CONTROL NUMBER
- control field: 56586
003 - CONTROL NUMBER IDENTIFIER
- control field: OSt
005 - DATE AND TIME OF LATEST TRANSACTION
- control field: 20160512173544.0
008 - FIXED-LENGTH DATA ELEMENTS
- fixed length control field: 160512|| aca||aabn | a|a d
040 ## - CATALOGING SOURCE
- Original cataloging agency: OSt
- Transcribing agency: OSt
150 ## - HEADING--TOPICAL TERM
- Topical term or geographic name entry element: Poetry
670 ## - SOURCE DATA FOUND
- Source citation: Work cat.: (OSt)12367: विक्रम, नंद किशोर 56585, अली सरदार जाफरी , 2005









